200 Most Famous Cities in India on a Map - Statistics

General Stats
  • This quiz has been taken 276 times
  • The average score is 69 of 220
Answers on the Map
Answers color-coded by a green-red scale on the quiz's map according to % correct below.
 
Answer Stats
Wiki Monthly Views Cityquiz Mention Rate Population Answers % Correct
253.07K 68.18% 11034.56K Delhi
97%
199.97K 57.40% 257.80K New Delhi
97%
407.34K 68.66% 12442.37K Mumbai
95%
217.21K 48.78% 4496.69K Kolkata
94%
220.84K 36.32% 8495.49K Bengaluru
93%
180.04K 33.61% 4646.73K Chennai
93%
172.87K 33.44% 6993.26K Hyderabad
93%
71.38K 17.32% 1585.70K Agra
90%
86.89K 23.85% 5633.93K Ahmedabad
90%
96.58K 20.74% 3124.46K Pune
89%
85.34K 22.40% 3046.16K Jaipur
87%
77.45K 18.10% 2817.11K Lucknow
87%
44.79K 15.92% 4501.61K Surat
86%
49.80K 13.16% 2405.66K Nagpur
83%
45.03K 10.69% 1994.40K Indore
81%
43.77K 12.19% 1684.30K Patna
80%
43.44K 9.13% 1798.22K Bhopal
79%
120.41K 10.68% 1198.49K Varanasi
79%
37.75K 10.82% 2768.06K Kanpur
78%
54.94K 11.30% 633.55K Kochi
78%
44.22K 7.02% 1159.23K Amritsar
76%
37.62K 5.59% 1056.19K Jodhpur
76%
38.46K 6.37% 1206.42K Srinagar
75%
54.81K 7.30% 1728.13K Visakhapatnam
73%
93.67K 5.23% 970.60K Chandigarh
69%
43.52K 5.19% 1050.72K Coimbatore
69%
50.76K 6.19% 920.55K Mysore
68%
34.06K 4.51% 1752.37K Vadodara
68%
21.89K 4.86% 1618.88K Ludhiana
67%
20.80K 5.91% 1323.36K Rajkot
67%
65.09K 7.23% 1168.38K Prayagraj
66%
21.19K 6.16% 1027.26K Raipur
66%
36.72K 3.42% 1175.12K Aurangabad
65%
9.00K 1.76% 627.73K Bhilai
64%
24.26K 6.24% 576.20K Jammu
64%
24.56K 4.00% 1073.43K Ranchi
64%
38.46K 8.24% 1017.87K Madurai
63%
33.01K 5.06% 1486.05K Nashik
63%
53.60K 4.85% 788.27K Thiruvananthapuram
63%
66.59K 7.33% 244.38K Pondicherry
61%
29.52K 2.73% 1054.42K Gwalior
60%
23.55K - 1120.55K Navi Mumbai
60%
27.55K 2.39% 1143.23K Vijayawada
60%
23.42K 3.31% 1001.69K Kota
59%
23.19K 3.28% 1305.43K Meerut
59%
35.32K 3.04% 885.36K Bhubaneswar
58%
37.45K 4.58% 499.49K Mangalore
58%
16.17K 5.63% 829.27K Salem
58%
17.40K 3.92% 1841.49K Thane
58%
22.95K 3.34% 1081.68K Jabalpur
56%
35.13K 3.94% 550.44K Kozhikode
56%
22.55K 3.61% 1414.05K Faridabad
54%
21.60K 3.94% 1648.64K Ghaziabad
53%
13.02K 1.76% 1162.47K Dhanbad
52%
38.79K 3.35% 962.33K Guwahati
52%
14.75K 1.92% 951.56K Solapur
52%
27.92K 1.93% 847.39K Tiruchirappalli
52%
12.21K 1.32% 563.92K Asansol
50%
58.65K 2.76% 118.81K Darjeeling
49%
17.89K 1.64% 874.41K Aligarh
48%
35.38K 2.22% 677.35K Jamshedpur
48%
14.81K 1.10% 704.57K Warangal
48%
25.96K 3.04% 108.06K Port Blair
46%
26.71K 3.09% 30.87K Leh
45%
23.82K 1.53% 673.45K Gorakhpur
44%
26.29K 2.28% 100.29K Gangtok
43%
12.46K 3.16% 277.20K Imphal
43%
37.60K 2.60% 637.27K Noida
42%
19.94K 1.98% 904.80K Bareilly
41%
14.87K 2.62% 610.19K Cuttack
41%
18.62K 1.74% 868.93K Jalandhar
41%
51.87K 2.72% 169.58K Shimla
41%
38.93K 3.24% 451.10K Udaipur
41%
13.95K 1.61% 943.79K Hubli
40%
12.73K 1.39% 887.87K Moradabad
39%
11.65K 2.10% 1077.08K Howrah
38%
14.64K 1.01% 56.82K Kannur
38%
11.16K 0.84% 444.35K Tiruppur
38%
33.36K 1.01% 515.22K Ujjain
38%
22.53K 2.07% 542.32K Ajmer
35%
16.91K 1.10% 315.96K Thrissur
35%
8.54K 2.68% 23.99K Diu
34%
39.44K 2.15% 574.84K Dehradun
33%
21.02K 2.15% 513.26K Siliguri
33%
20.26K 1.61% 549.24K Kolhapur
32%
15.70K 1.97% 644.41K Bikaner
31%
52.05K 2.29% 886.52K Gurgaon
31%
12.82K 1.33% 670.07K Guntur
30%
28.92K 1.89% 143.23K Shillong
30%
14.76K 1.73% 647.06K Amravati
29%
9.23K 1.71% 1727.69K Pimpri-Chinchwad
29%
14.36K 1.07% 367.11K Kollam
28%
18.66K 2.17% 474.09K Gaya
27%
24.70K 1.83% 65.47K Jaisalmer
26%
8.78K 1.73% 293.42K Aizawl
25%
21.10K 0.53% 164.38K Kanchipuram
25%
13.81K 2.13% 100.48K Vasco da Gama
25%
24.32K 2.22% 44.28K Daman
24%
10.13K 1.09% 157.10K Erode
24%
14.63K 2.27% 70.99K Panaji
24%
13.96K 1.57% 400.00K Agartala
23%
15.85K 1.18% 600.94K Jamnagar
23%
24.27K 1.43% 505.69K Jhansi
23%
10.43K 1.57% 547.62K Nellore
23%
11.78K 0.66% 705.48K Saharanpur
23%
19.29K 1.76% 292.80K Gandhinagar
22%
12.42K 0.46% 102.05K Greater Noida
22%
15.13K 1.09% 185.80K Vellore
21%
9.01K 1.09% 59.49K Itanagar
20%
22.16K 1.80% 1262.26K Kalyan
20%
8.59K 1.30% 99.04K Kohima
20%
21.53K 2.23% 200.56K Puri
20%
11.73K 0.89% 605.88K Bhavnagar
19%
44.56K 0.90% 30.76K Dharamshala
19%
32.96K 1.08% 22.45K Kanyakumari
19%
13.05K 1.16% 446.25K Patiala
19%
8.05K 1.13% 10.81K Dispur
18%
11.62K 1.04% 566.52K Durgapur
18%
31.09K 0.89% 349.91K Mathura
18%
13.13K 0.83% 152.76K Porbandar
18%
14.97K 0.77% 473.64K Tirunelveli
18%
45.78K 0.74% 88.43K Ooty
17%
19.49K 1.03% 295.97K Panipat
17%
64.18K 0.90% 55.89K Ayodhya
16%
11.91K 1.17% 550.44K Nanded
16%
35.90K 0.34% 44.86K Rameswaram
16%
45.96K - 103.00K Amaravati
15%
20.24K 1.07% 490.05K Belgaum
15%
8.86K 0.97% 148.83K Bhuj
15%
36.26K 0.91% 8.10K Manali
15%
10.82K 0.77% 325.31K Rampur
15%
11.81K 1.01% 365.58K Bilaspur
14%
36.30K 0.90% 231.34K Haridwar
14%
10.79K 0.70% 16.34K Kargil
14%
39.15K 1.25% 295.32K Tirupati
14%
14.51K 0.54% 195.15K Ambala
13%
15.78K 1.00% 327.43K Bijapur
13%
44.35K 0.56% 38.87K Dwarka
13%
31.45K 0.47% 41.38K Nainital
13%
35.27K 0.58% 70.50K Rishikesh
13%
19.22K 0.61% 217.91K Secunderabad
13%
25.14K 0.77% 222.94K Thanjavur
13%
17.13K 0.64% 240.99K Alappuzha
12%
24.23K 0.48% 11.72K Cherrapunji
12%
31.83K 0.22% 0.61K Kedarnath
12%
11.84K 0.89% 41.82K Mahé
12%
12.38K 0.39% 130.96K Palakkad
12%
16.83K 0.93% 350.86K Ahmednagar
11%
10.38K 0.78% 207.60K Kharagpur
11%
28.95K 0.27% 36.50K Kodaikanal
11%
12.03K 0.40% 55.37K Kottayam
11%
31.16K 1.01% 22.94K Mount Abu
11%
13.10K 0.86% 320.04K Rourkela
11%
15.17K 0.72% 144.96K Udupi
11%
33.97K 0.32% 63.01K Vrindavan
11%
23.40K - 2.44K Badrinath
10%
11.78K 0.58% 400.15K Bhagalpur
10%
19.42K 0.72% 319.46K Junagadh
10%
16.02K 0.95% 543.15K Kalaburagi
10%
15.02K - 84.86K Kannauj
10%
72.12K 0.21% 16.78K Konark
10%
23.57K 0.32% 57.70K Lonavala
10%
16.54K 0.77% 234.87K Mirzapur
10%
24.24K 0.36% 68.00K Munnar
10%
12.14K 0.65% 120.19K Satara
10%
11.05K 0.45% 322.65K Shimoga
10%
12.50K 0.51% 178.87K Silchar
10%
12.46K 0.54% 322.57K Alwar
9%
24.90K 0.39% 116.41K Chittorgarh
9%
13.64K 0.19% 1.97K Gulmarg
9%
31.88K 0.24% 15.17K Mamallapuram
9%
13.50K 0.37% 166.86K Mohali
9%
11.77K 0.62% 354.46K Muzaffarpur
9%
13.09K 0.23% 36.00K Shirdi
9%
4.88K 8.25% 150.59K Anantnag
8%
37.54K 0.33% 38.44K Bodh Gaya
8%
13.36K 0.13% 0.11K Gangotri
8%
14.14K 1.96% 180.36K Jaunpur
8%
23.66K - 22.21K Kushinagar
8%
32.72K 0.19% 30.12K Mussoorie
8%
16.27K 0.24% 21.63K Pushkar
8%
14.02K 0.65% 376.33K Rajahmundry
8%
10.84K 0.63% 274.56K Sagar
8%
12.96K 0.29% 7.05K Dalhousie
7%
42.27K 0.15% 32.91K Fatehpur Sikri
7%
11.70K 0.88% 384.18K Kakinada
7%
60.07K 0.19% 24.48K Khajuraho
7%
11.58K 0.71% 457.63K Kurnool
7%
26.23K 0.18% 13.39K Mahabaleshwar
7%
12.82K 0.09% 11.51K Orchha
7%
16.66K 0.05% 8.42K Amarkantak
6%
11.22K 0.71% 165.23K Faizabad
6%
19.93K 0.09% 25.85K Gokarna
6%
26.13K 0.06% 155.15K Kurukshetra/Thanesar
6%
11.03K 3.97% 169.89K Machilipatnam
6%
13.62K 0.50% 237.83K Thoothukudi
6%
11.82K 0.14% 20.74K Alibag
5%
53.00K 0.16% 3.29K Auroville
5%
12.08K 0.12% 118.40K Chikmagalur
5%
5.39K 1.16% 1193.00K Dombivli
5%
15.60K - 2.58K Mawsynram
5%
29.40K - 10.06K Omkareshwar
5%
17.52K 0.14% 23.55K Pokhran
5%
21.94K - 80.21K Shantiniketan/Bolpur
5%
12.06K 0.09% 7.74K Tirumala
5%
19.13K 0.24% 145.28K Tiruvannamalai
5%
4.95K 1.31% 297.27K Bihar Sharif
4%
12.30K 0.24% 140.16K Kumbakonam
4%
13.33K 0.07% 30.94K Badami
3%
10.12K 1.04% 356.60K Berhampur
3%
13.53K 0.09% 4.39K Matheran
3%
31.18K 0.00% 17.94K Murdeshwar
3%
13.76K 0.11% 98.92K Pandharpur
3%
12.56K 0.03% 25.06K Srirangapatna
3%
13.00K 0.04% 21.45K Srisailam
3%
27.05K 0.07% 26.45K Hastinapur
2%
16.84K 0.05% 41.59K Rajgir
2%
17.74K - 6.49K Shravanabelagola
2%
12.29K 0.02% 40.19K Maihar
1%
15.23K 0.02% 12.06K Pachmarhi
1%
No matching quizzes found
Score Distribution
Percent of People with Each Score
Percentile by Number Answered
Your Score History
You have not taken this quiz